000
00374nam a2200157Ia 4500
003
GCL
008
140319s9999 xx 000 0 ara d
040
_a
GCL /
_c
GCL
082
0
4
_a
891.7
_b
ا ى
245
1
0
_a
يهوذا الاسخربوطى
300
_a
15 ص
490
_a
650
0
4
_a
الادب الروسى
650
0
4
_a
القصص الروسية
942
_2
ddc
_c
BK
999
_c
37997
_d
37997